La música francesa contemporánea

Guardat en:
Dades bibliogràfiques
Autor principal: Rostand, Claude (Autor)
Format: Llibre
Idioma:espanyol
Publicat: Ciudad de México Alameda 1954
Col·lecció:Colección Estela
Matèries:
Etiquetes: Afegir etiqueta
Sense etiquetes, Sigues el primer a etiquetar aquest registre!

MARC

LEADER 00000nam a2200000 a 4500
001 UCN3011
003 CL-VaPUC
005 20241025112525.0
008 010615e19540000MX |||||||||||||||||spa|d
999 |c 296026  |d 296024 
040 |c Pontificia Universidad Católica de Valparaíso 
082 0 4 |a 780.944  |b ROS  |2 21 
100 0 |a Rostand, Claude  |e author  |9 459395 
245 1 3 |a La música francesa contemporánea 
260 |a Ciudad de México  |b Alameda  |c 1954 
300 |a 158 p 
490 0 |a Colección Estela 
583 |a last modification  |c 20010615 00:00:00  |k Rodrigo Vera 
650 0 |a Música francesa  |9 306438 
650 0 |a Historia de la música  |2 CL-VaPUC  |9 306741 
650 0 |a Música contemporánea  |9 306742 
942 |c BK  |2 ddc 
945 |d 20010615 00:00:00  |a crobeson 
952 |0 0  |1 0  |4 0  |6 780_944000000000000_ROS_1954  |7 0  |8 A  |9 349507  |a BIBEDU  |b BIBEDU  |d 2019-11-20  |i 1187333  |o 780.944 ROS 1954  |p 1187333  |r 2023-01-12  |w 2019-11-20  |y BK  |k MUS